Metropolis in crisis: social and political perspectives

Furkejuvvon:
Bibliográfalaš dieđut
Váldodahkki: Hadden, Jeffrey K. comp
Eará dahkkit: Masotti, Louis H comp, Larson, Calvin J comp
Materiálatiipa: Girji
Giella:English
Almmustuhtton: Itasca, Ill., F. E. Peacock 1967
Fáttát:
Fáddágilkorat: Lasit fáddágilkoriid
Eai fáddágilkorat, Lasit vuosttaš fáddágilkora!

MARC

LEADER 00000nam a2200000Ia 4500
003 002004
005 20221231143952.0
008 140114s1967 ilua 000 ||eng d
040 |c cru CEDI 
082 |2 301.36 H126m 
100 |a Hadden, Jeffrey K.  |c comp.  |9 21102 
245 |a Metropolis in crisis: social and political perspectives 
260 |a Itasca, Ill., F. E. Peacock   |c 1967 
300 |a  xiv, 521 páginas. 24 cm. 
651 |x CIUDADES Y PUELOS - ESTADOS UNIDOS.  |9 21107 
700 |9 21104  |a Masotti, Louis H  |d comp. 
700 |9 21106  |a Larson, Calvin J  |d comp. 
942 |2 ddc  |c BK 
999 |c 14965  |d 14965